Product Planning and Development.

Đã lưu trong:
Bibliografiske detaljer
Hovedforfatter: Không rõ
Format: Bog
Sprog:Vietnamese
Udgivet: Youth PublishingHouse 2001
Tags: Tilføj Tag
Ingen Tags, Vær først til at tagge denne postø!
Thư viện lưu trữ: Mạng thư viện Đại học Đà Nẵng
LEADER 00603nam a2200265 4500
001 000028112
003 PR-PE
005 20150403120000.0
008 150403s vm 000 vie
020 |c 0,0000 
040 |a notts 
100 |a Không rõ 
245 |a Product Planning and Development. 
260 |b Youth PublishingHouse  |c 2001 
OWN |a LTT 
999 |a From the UDN01 
TYP |a Monograph 
TYP |a Printed language 
980 |a Mạng thư viện Đại học Đà Nẵng